US States by Any 2 Letters Quiz Stats

Quiz Updated Sep 8, 2015

Challenge
Share
Tweet
Embed
Score 0/50 Timer 01:00
77 Plays Today
% Correct
North Carolina
96.9%
Minnesota
96.6%
California
96.4%
South Carolina
96.3%
Maine
95.5%
Connecticut
93.8%
New Hampshire
93.4%
Alabama
93.2%
New Mexico
92.7%
New York
92.7%
Tennessee
92.5%
Nebraska
92%
Maryland
90.4%
Alaska
89.4%
Nevada
88.9%
Florida
88.4%
New Jersey
88.4%
Missouri
87.7%
Delaware
87.2%
North Dakota
86.5%
Wyoming
85.7%
Illinois
83.2%
Massachusetts
83.1%
Colorado
82.5%
Washington
82.4%
% Correct
Wisconsin
81.9%
Oklahoma
81.6%
South Dakota
81.4%
Arkansas
80.8%
Hawaii
79.5%
Michigan
79%
Mississippi
77.7%
Georgia
76.4%
West Virginia
74.7%
Arizona
71.8%
Texas
70.6%
Virginia
70.5%
Rhode Island
69.7%
Iowa
68.8%
Vermont
68.2%
Indiana
64.5%
Montana
63.7%
Louisiana
63.3%
Ohio
61.5%
Oregon
60.1%
Pennsylvania
59.9%
Kansas
59.1%
Idaho
54.9%
Utah
42.2%
Kentucky
41.2%

You're not logged in!

Compare scores with friends on all Sporcle quizzes.
Join for Free
OR
Log In

You Might Also Like...

Show Comments

Extras

Top Quizzes Today


Score Distribution

Your Account Isn't Verified!

In order to create a playlist on Sporcle, you need to verify the email address you used during registration. Go to your Sporcle Settings to finish the process.

Report this User

Report this user for behavior that violates our Community Guidelines.

Details: